The Blackwell Companion to Eastern Christianity : (Record no. 605184)

MARC details
000 -LEADER
fixed length control field 00513nam a2200193 a 4500
008 - FIXED-LENGTH DATA ELEMENTS--GENERAL INFORMATION
fixed length control field 251223s2010##################000#0#eng##
020 ## - INTERNATIONAL STANDARD BOOK NUMBER
ISBN 9781444333619
082 04 - DEWEY DECIMAL CLASSIFICATION NUMBER
Classification number 281.5
Item number PAR
100 1# - MAIN ENTRY--AUTHOR NAME
Personal name Parry, Ken,
245 10 - TITLE STATEMENT
Title The Blackwell Companion to Eastern Christianity :
260 ## - PUBLICATION, DISTRIBUTION, ETC. (IMPRINT)
Name of publisher John Wiley & Sons,
Year of publication 2010.
300 ## - PHYSICAL DESCRIPTION
Number of Pages 554 pages
650 #0 - SUBJECT ADDED ENTRY--TOPICAL TERM
Topical Term Religion.
942 ## - ADDED ENTRY ELEMENTS (KOHA)
Koha item type English Books
Holdings
Withdrawn status Lost status Damaged status Not for loan Home library Current library Shelving location Date acquired Full call number Accession Number Price effective from Koha item type
        Anna Centenary Library Anna Centenary Library 3RD FLOOR, B WING 26.12.2025 281.5 PAR 128982 26.12.2025 English Books

Find us on the map